| 000 | 00403nam a22001577a 4500 | ||
|---|---|---|---|
| 005 | 20160521121806.0 | ||
| 008 | 160521b xxu||||| |||| 00| 0 eng d | ||
| 041 | _aeng | ||
| 082 | _b3746 | ||
| 100 |
_aT.S. Swaminathan _9954 |
||
| 245 | _aTheory of Cable Accessories cable installation and tertiry | ||
| 260 | _bKhanna Publishing | ||
| 300 | _a166 | ||
| 650 |
_aDIPLOMA ENGINEERING _9817 |
||
| 942 | _cBK | ||
| 999 |
_c1302 _d1302 |
||